|
|
|
|
| LEADER |
00000nam a2200000 i 4500 |
| 003 |
Ucuenca |
| 005 |
20230308230554.0 |
| 006 |
a||||gr|||| 001 0 |
| 007 |
ta |
| 008 |
190725s1955 ec aaaagr|||| 001 0bspa d |
| 650 |
1 |
0 |
|a Biografía
|9 242
|
| 999 |
|
|
|c 157144
|d 157144
|
| 040 |
|
|
|a UCuenca-cdrjbv
|b spa
|c UCuenca
|e rda
|
| 041 |
0 |
|
|a spa
|
| 082 |
0 |
|
|2 21
|a 923
|c 351777
|
| 100 |
1 |
|
|a Cabezas y Cabezas, César.
|e autor
|9 235639
|
| 245 |
|
|
|a Historia de un almirante olvidado:
|b Don Manuel Antonio de Luzarraga /
|c César Cabezas y Cabezas.
|
| 264 |
|
|
|a Guayaquil:
|b Instituto de Historia Marítima,
|c 1955.
|
| 300 |
|
|
|a 155 páginas:
|b ilu
|c 21 cm
|
| 336 |
|
|
|2 rdacontent
|a texto
|b txt
|
| 337 |
|
|
|2 rdamedia
|a no mediado
|b n
|
| 338 |
|
|
|2 rdacarrier
|a volumen
|b nc
|
| 504 |
|
|
|a incl. bib.
|
| 942 |
|
|
|2 ddc
|c BK
|z bladimir.cabrerar@ucuenca.edu.ec
|